Finance d'entreprise : initiation à l'analyse financière (Record no. 42087)
[ view plain ]
| 000 -LEADER | |
|---|---|
| fixed length control field | 00662 a2200289 4500 |
| 037 ## - SOURCE OF ACQUISITION | |
| Source of stock number/acquisition | 5, Achat |
| 037 ## - SOURCE OF ACQUISITION | |
| Stock number | DE 1967 |
| 037 ## - SOURCE OF ACQUISITION | |
| Stock number | DE 1968 |
| 037 ## - SOURCE OF ACQUISITION | |
| Stock number | DE 1492 |
| 037 ## - SOURCE OF ACQUISITION | |
| Stock number | DE 1441 |
| 037 ## - SOURCE OF ACQUISITION | |
| Stock number | DE 1493 |
| 020 ## - NUMERO INTERNATIONAL NORMALISE DES LIVRES | |
| International Standard Book Number | 2-7297-0089-7 |
| 100 ## - VEDETTE PRINCIPALE - NOM DE PERSONNE | |
| Personal name | Bloy, Eddy |
| 100 ## - VEDETTE PRINCIPALE - NOM DE PERSONNE | |
| Language of a work | Fr |
| 260 ## - PUBLICATION, DISTRIBUTION, ETC. (IMPRINT) | |
| Place of publication, distribution, etc | Lyon |
| 260 ## - PUBLICATION, DISTRIBUTION, ETC. (IMPRINT) | |
| Name of publisher, distributor, etc | Presses Universitaires de Lyon |
| 245 ## - TITLE STATEMENT | |
| Title | Finance d'entreprise : initiation à l'analyse financière |
| 260 ## - PUBLICATION, DISTRIBUTION, ETC. (IMPRINT) | |
| Date of publication, distribution, etc | 1982 |
| 250 ## - EDITION STATEMENT | |
| Edition statement | 2e éd. |
| 300 ## - PHYSICAL DESCRIPTION | |
| Extent | 311 p. |
| 300 ## - PHYSICAL DESCRIPTION | |
| Other physical details | 21cm |
| 630 ## - SUBJECT ADDED ENTRY--UNIFORM TITLE | |
| Uniform title | 658 - Gestion commerciale |
| 650 ## - SUBJECT ADDED ENTRY--TOPICAL TERM | |
| Topical term or geographic name as entry element | 6 - SCIENCES APPLIQUEES |
| 650 ## - SUBJECT ADDED ENTRY--TOPICAL TERM | |
| Topical term or geographic name as entry element | Analyse financière |
| Withdrawn status | Lost status | Damaged status | Not for loan | Location (home branch) | Sublocation or collection (holding branch) | Date acquired | Koha issues (times borrowed) | Koha full call number | Koha date last seen | Price effective from | Koha item type |
|---|---|---|---|---|---|---|---|---|---|---|---|
| Bibliothèque Universitaire Centrale | Bibliothèque Universitaire Centrale | 28/02/2009 | 658.15 BLO | 28/02/2009 | 28/02/2009 | Livre |